000 00961cam a2200253 4500
001 L137361
002 16464
008 070330s2007 xxk f 001 0 eng d
020 _a1905261101
_a9781905261109
035 _a(Sirsi) u137361
041 0 _aeng
050 0 4 _a346.4104346
100 1 _aCallo, Kat
245 0 4 _aThe survivor's guide to buying a freehold
260 _aLondon
_bLaw Pack Publishing Limited
_c2006
300 _axxix, 266p.
_c23cm.
350 _a11.99
490 0 _aLawpack Property Series
520 _aExplains the processes involved step by step. Examines documentation in detail and explains the valuation process. Explains how to set up and manage a resident management company and deal with non-participant opposition. Deals with negotiation, appeals, and common pitfalls.
650 2 4 _aLEASEHOLD REFORM ACT 1993
651 4 _aEngland and Wales
_y1543-
690 _aPROPERTY-PROPERTY ACQUISITION AND DISPOSAL
942 _n0
999 _c106747
_d106747